000 01216nam a2200241 a 4500
001 000028267
005 20200930031507.0
008 110407s2010 dr 001 0 spa d
020 _a9789945874525
040 _aDO-SdBNP
_bspa
_cBNPHU
082 _a616.84
_bS232o
100 1 _aSantana, Rolando A.
_955264
245 1 0 _aObjetividad y subjetividad en la evaluación neuropsicológica /
_cRolando A. Santana.
260 _aSanto Domingo :
_bBúho,
_c2010.
300 _a199 p. ;
_c22 cm.
500 _aIncluye datos biográficos del autor en la solapa.
504 _aBibliografía : p. 113-119
505 0 _gPrólogo --
_tLa evaluación neuropsicológica como la integración de lo singular, lo particular y lo general --
_tLa evaluación neuropsicológica como relación psicoterapéutica --
_tLa insuficiencia del enfoque psicométrico en la evaluación neuropsicológica --
_tEl problema de las normas en la evaluación neuropsicológica --
_tLa evaluación neuropsicológica --
_gConclusiones --
_gReferencias.
590 _aInventariado, 2018/LP
650 4 _aNeuropsicología
_xEvaluación
_955265
650 4 _aEvaluación de resultados (atención médica)
_955266
910 _aValidado. Control de calidad EMS
999 _c27759
_d27759